000 00985nam a22003137a 4500
001 0001350
003 KOHA_MİRAKIL
005 20260207001238.0
007 ta
008 090108b2003 tu |||gr||||#0|||0|tur |
020 _a9758624660
_c15,69
040 _aTR-BiSEU
_btur
_cTR-BiSEU
_erda
041 0 _atur
044 _ctu
050 _aQD31.2
_b.P48 2003
100 1 _aPetrucci, Ralph H..
245 1 _aGenel kimya ilkeler ve modern uygulamalar: seçilmiş soru çözümleri/
_cRalph H. Petrucci ; Ralph H. Petrucci, William S. Harwood, F. Geoffrey Herring; çev. edt. düz. Tahsin Uyar.
264 1 _aAnkara :
_bPalme Yayıncılık
_c2003
300 _a2 c.
336 _ametin
_btxt
_2rdacontent
337 _aaracısız
_bn
_2rdamedia
338 _acilt
_bnc
_2rdacarrier
490 1 _aPalme yayınları ;
_v258.
650 0 _aKimya.
_91495
650 0 _aChemistry.
_92996
830 1 _aPalme yayınları ;
_v258.
_92910
907 _aDers Kitabı
942 _2lcc
_cBK
999 _c1340
_d1340